La educación de la mente y el conocimiento de las disciplinas: lo que todos los estudiantes deberían comprender
保存先:
| 第一著者: | |
|---|---|
| フォーマット: | 図書 |
| 言語: | スペイン語 |
| 出版事項: |
Barcelona
Paidós
2000
|
| 版: | 1a. ed |
| シリーズ: | Paidós. Transiciones, 21
|
| 主題: | |
| タグ: |
タグ追加
タグなし, このレコードへの初めてのタグを付けませんか!
|
MARC
| LEADER | 00000nam a2200000 a 4500 | ||
|---|---|---|---|
| 001 | UCN0459 | ||
| 003 | CL-VaPUC | ||
| 005 | 20250310104452.0 | ||
| 008 | 010323e20000000SP |||||||||||||||||spa|d | ||
| 999 | |c 294207 |d 294205 | ||
| 020 | |a 844930878X | ||
| 040 | |c Pontificia Universidad Católica de Valparaíso | ||
| 082 | 0 | 4 | |a 370.1 |b GAR |2 21 |
| 100 | |a Gardner, Howard |e author |9 245668 | ||
| 245 | 1 | 3 | |a La educación de la mente y el conocimiento de las disciplinas: lo que todos los estudiantes deberían comprender |
| 250 | |a 1a. ed | ||
| 260 | |a Barcelona |b Paidós |c 2000 | ||
| 300 | |a 316 p | ||
| 490 | 0 | |a Paidós. Transiciones, 21 | |
| 583 | |a last modification |c 20130306 12:58:53 |k Rodrigo Vera | ||
| 650 | 0 | |a Filosofía de la educación |9 258384 | |
| 650 | 0 | |a Psicopedagogía |9 307830 | |
| 942 | |c BK |2 ddc | ||
| 945 | |d 20010323 00:00:00 |a vberengu | ||
| 952 | |0 0 |1 0 |4 0 |6 370_100000000000000_GAR_2000 |7 0 |8 A |9 346181 |a FDOPOS |b FDOPOS |d 2019-11-20 |i 3700720 |o 370.1 GAR 2000 |p 3700720 |r 2025-01-22 |w 2019-11-20 |y BK |k MLA | ||
| 952 | |0 0 |1 0 |4 0 |6 370_100000000000000_GAR_2000 |7 0 |8 A |9 346182 |a BIBEDU |b BIBEDU |d 2019-11-20 |i 381436K |l 1 |o 370.1 GAR 2000 |p 381436K |r 2025-03-10 |s 2025-03-10 |w 2019-11-20 |y BK |k EDU | ||
| 952 | |0 0 |1 0 |4 0 |6 370_100000000000000_GAR_2000 |7 0 |8 A |9 346183 |a BIBEDU |b BIBEDU |d 2019-11-20 |i 4372093 |l 2 |o 370.1 GAR 2000 |p 4372093 |r 2024-03-18 |s 2024-03-13 |w 2019-11-20 |y BK |k PSI | ||